Państwa określające się jako niedemokratyczne - Statystyki

Ogólne statystyki
  • Ten quiz został rozwiązany 125 razy
  • Średni wynik to 5 z 7
Statystyki odpowiedzi
Państwo % Poprawnych
Arabia Saudyjska
82%
Katar
74%
Oman
73%
Zjednoczone Emiraty Arabskie
73%
Afganistan
68%
Brunei
51%
Watykan
45%
Nie znaleziono quizów pasujących do podanych kryteriów
Rozkład punktacji
Procent ludzi z każdym wynikiem
Percentyl według liczby udzielonych odpowiedzi
Twoja historia wyników
Nie rozwiązałeś tego quizu